Štúdium fyzikálno-chemických procesov eliminácie organických kontaminantov z vybraných potravinových matríc

Saved in:
Bibliographic Details
Main Author: Skláršová, Božena
Format: Book
Language:Slovak
Published: Bratislava Fakulta chemickej a potravinárskej technológie STU 2007
Subjects:
Online Access:View in OPAC
Tags: Add Tag
No Tags, Be the first to tag this record!

MARC

LEADER 00000nam a2200000 a 4500
005 20260127134152.0
008 080515 2007 xo 000 0 slo d
035 |a vtls009294336 
039 9 |a 200805200956  |b mschk02  |y 200805150903  |z mschk02 
040 |a STUSCHK1  |b slo  |c STUSCHK1  |e AACR2 
100 1 |a Skláršová, Božena 
245 1 |a Štúdium fyzikálno-chemických procesov eliminácie organických kontaminantov z vybraných potravinových matríc  |c Božena Skláršová 
260 |a Bratislava  |b Fakulta chemickej a potravinárskej technológie STU  |c 2007 
300 |a 120 s.  |b tab.,grafy,lit.  |c 30 cm 
500 |a Výskumný ústav potravinársky v Bratislave 
650 0 |a potraviny  |x cudzorodé látky v potravinách 
910 |a SCHK95 
999 |c 5717  |d 5717